000 00195nam a2200073Ia 4500
008 170523s9999 xx 000 0 und d
100 _aKapoor- S.
245 0 _aApplied Mathematics (Hindi)
260 _aNav Bharat Prakashan- Meerut
999 _c11763
_d11763